| 000 | 00709nam a2200301Ia 4500 | ||
|---|---|---|---|
| 005 | 20260401122045.0 | ||
| 008 | 008 250103s9999 xx 000 0 eng d | ||
| 020 | _a231058616 | ||
| 037 | _aTB | ||
| 040 | _aEDL | ||
| 040 | _beng | ||
| 040 | _cEDL | ||
| 041 | _2eng | ||
| 041 | _aeng | ||
| 084 | _a820.9 SED | ||
| 084 | _qEDL | ||
| 100 |
_aSedgwick, Eva Kosofsky _91232461 |
||
| 245 | 0 | _aBetween Men: English Literature and Male Homosocial Desire | |
| 245 | 0 | _cSedgwick, Eva Kosofsky | |
| 260 | _aNew York | ||
| 260 | _bColumbia University Press | ||
| 260 | _c1985 | ||
| 300 | _a244p | ||
| 942 | _cTB | ||
| 942 | _h820.9 SED | ||
| 999 |
_c1844631 _d1844631 |
||